One Piece - Chapitre à partir du titre #2 - Statistiques

Statistiques générales
  • Ce quiz a été pris 23 fois
  • Le résultat moyen est 5 sur 20
Statistiques - réponses
Hint Réponse % Correct
ROMANCE DAWN - À l’aube d’une grande aventure 1
83%
Haley 1138
50%
Et ainsi débuta la légende 100
33%
Gear second 388
33%
Oden Kozuki entre en scène 960
33%
Luffy versus Usopp 332
28%
Guerre au sommet 553
28%
Aqua-Luffy 200
22%
Justice n°9 346
22%
Sanji 43
22%
Ace aux poings ardents versus Barbe noire 440
22%
Les yeux de la gorgone 520
22%
Trafalgar Law, le Grand Corsaire 660
22%
Chien contre chat 816
22%
Seppuku 909
17%
Pacifiste 1099
11%
Aventures dans un pays sans nom 133
11%
Le Capitaine Usopp 23
11%
Minion, l'île du destin 765
11%
Suicide 795
11%
Aucun quiz correspondant
Distribution des résultats
% des personnes avec chaque résultat
Percentile par nombre de réponses
Votre historique - résultats
Vous n’avez pas pris ce quiz